Lippincott Illustrated Reviews: (Record no. 1839)
[ view plain ]
| 000 -LEADER | |
|---|---|
| Fixed length control field | 00695nam a2200229Ia 4500 |
| 003 - CONTROL NUMBER IDENTIFIER | |
| Control field | IIN |
| 005 - DATE AND TIME OF LATEST TRANSACTION | |
| Control field | 20250526121006.0 |
| 008 - FIXED-LENGTH DATA ELEMENTS--GENERAL INFORMATION | |
| Fixed length control field | 250526s2024 xx ad 001 0 eng d |
| 020 ## - INTERNATIONAL STANDARD BOOK NUMBER / ISBN | |
| Price | Rs.2349.00 |
| International Standard Book Number | 9789393553379 |
| 040 ## - CATALOGING SOURCE | |
| Original cataloging agency | IIN |
| Language of cataloging | English |
| 082 ## - DEWEY DECIMAL CLASSIFICATION NUMBER | |
| Classification number | 615.1 |
| Book Number | WHA |
| 245 1# - TITLE STATEMENT | |
| Title | Lippincott Illustrated Reviews: |
| Sub title | Pharmacology/ |
| Statement of responsibility | edited by Karen Whalen, Sangeeta Sharma & Dinesh K Badyal |
| 250 ## - EDITION STATEMENT | |
| Edition statement | 2nd ed |
| Remainder of edition statement | South Edition |
| 260 ## - IMPRINT | |
| Name of publisher | Wolters Kluwer |
| Place of publication | New Delhi |
| Date of publication | 2024 |
| 300 ## - PHYSICAL DESCRIPTION | |
| Page / Vol. No | xix, 1092 p. |
| Other physical details | col. ill. |
| 500 ## - GENERAL NOTE | |
| General note | Includes Index |
| 650 1# - SUBJECT ADDED ENTRY--TOPICAL TERM | |
| Topical term | Pharmacology |
| 700 ## - ADDED ENTRY--PERSONAL NAME | |
| Personal name | Whalen, Karen (ed) |
| 700 ## - ADDED ENTRY--PERSONAL NAME | |
| Personal name | Sharma, Sangeeta (ed) |
| 700 ## - ADDED ENTRY--PERSONAL NAME | |
| Personal name | Badyal, Dinesh K. (ed) |
| 942 ## - ADDED ENTRY ELEMENTS (KOHA) | |
| Koha item type | Books |
| Withdrawn status | Lost status | Source of classification | Damaged status | Not for loan | Collection code | Home library | Current library | Shelving location | Date acquired | Price | Total Checkouts | Call number | Accession number | Date last seen | Price effective from | Koha item type |
|---|---|---|---|---|---|---|---|---|---|---|---|---|---|---|---|---|
| Dewey Decimal Classification | Purches Book | IDEAL INSTITUTE OF NURSING | IDEAL INSTITUTE OF NURSING | General Stacks | 11/03/2025 | 2349.00 | 615.1 WHA | 2068 | 26/05/2025 | 26/05/2025 | Books |
